Score 0/100 Timer 20:00
0 Plays Today
% Correct
I
95.5%
I
95.5%
I
95.5%
a
93.2%
A
93.2%
the
91.4%
the
91.4%
the
91.4%
you
81.1%
You
81.1%
you,
81.1%
and
80.6%
and
80.6%
and
80.6%
To
77%
to
77%
to
77%
be
73.9%
me!
73%
me
73%
one
67.6%
no
66.7%
in
66.7%
is
66.2%
is
66.2%
we
64%
will
59.9%
will
59.9%
wanna
57.7%
my
53.2%
my
53.2%
my
53.2%
my
53.2%
was!
52.3%
% Correct
ever
51.4%
like
50%
best,
49.1%
best
49.1%
so
48.6%
all!
48.2%
you're
48.2%
all!
48.2%
all!
48.2%
all!
48.2%
very
46.4%
It's
45.9%
it's
45.9%
know
45.5%
us
43.2%
I'll
41%
'em
40.5%
'em
40.5%
'em
40.5%
'em
40.5%
friend,
40.1%
them
38.3%
them
38.3%
world
35.6%
Gotta
33.3%
Gotta
33.3%
Gotta
33.3%
Gotta
33.3%
catch
32.4%
catch
32.4%
catch
32.4%
catch
32.4%
catch
32.4%
Our
31.1%
% Correct
Pokemon
30.2%
Pokemon!
30.2%
Pokemon!
30.2%
Pokemon!
30.2%
Pokemon!
30.2%
Pokemon!
30.2%
must
28.4%
Oh,
27.5%
cause!
27%
that's
26.1%
train
24.3%
through!
22.5%
destiny!
22.1%
teach
22.1%
teach
22.1%
real
21.6%
far
21.2%
heart
21.2%
test,
20.7%
across
19.8%
defend!
19.8%
travel
19.4%
wide!
19.4%
Teach
19.4%
land,
18.9%
searching
18.9%
power
18.9%
inside!
18.9%
true!
18%
understand
17.6%
pull
15.3%
courage
14%
Remove Ads.
Support Sporcle.
Get the best of Sporcle when you Go Orange. This ad-free experience offers more features, more stats, and more fun while also helping to support Sporcle. Thank you for becoming a member.

You're not logged in!

Compare scores with friends on all Sporcle quizzes.
OR
Log In

Show Comments

Extras

Top Quizzes Today


Score Distribution

Your Account Isn't Verified!

In order to create a playlist on Sporcle, you need to verify the email address you used during registration. Go to your Sporcle Settings to finish the process.

Report this User

Report this user for behavior that violates our Community Guidelines.

Details: